LIBRARY & INFORMATION CENTRE, KCAET, TAVANUR

ONLINE PUBLIC ACCESS CATALOGUE (OPAC)

Gravity die casting (Record no. 15502)

MARC details
000 -LEADER
fixed length control field 00337nam a22001337a 4500
003 - CONTROL NUMBER IDENTIFIER
control field OSt
008 - FIXED-LENGTH DATA ELEMENTS--GENERAL INFORMATION
fixed length control field 180813b ||||| |||| 00| 0 eng d
082 ## - DEWEY DECIMAL CLASSIFICATION NUMBER
Classification number 671.35
Item number MAC/GR
245 ## - TITLE STATEMENT
Title Gravity die casting
260 ## - PUBLICATION, DISTRIBUTION, ETC. (IMPRINT)
Place of publication London
Name of publisher The machinery publishing
Year of publication 1957
300 ## - PHYSICAL DESCRIPTION
Number of Pages 60
490 ## - SERIES STATEMENT
Series statement Machinery's yellow back series no.4c
942 ## - ADDED ENTRY ELEMENTS (KOHA)
Koha item type Books
Holdings
Withdrawn status Lost status Damaged status Home library Current library Date acquired Full call number Accession Number Koha item type
      KAUAET KAUAET 13/08/2018 671.35 MAC/GR 3846 Books
free website counter